<?xml version="1.0" encoding="UTF-8"?>
<record
    xmlns:xsi="http://www.w3.org/2001/XMLSchema-instance"
    xsi:schemaLocation="http://www.loc.gov/MARC21/slim http://www.loc.gov/standards/marcxml/schema/MARC21slim.xsd"
    xmlns="http://www.loc.gov/MARC21/slim">

  <leader>01566nam a22002657a 4500</leader>
  <controlfield tag="001">3676</controlfield>
  <controlfield tag="003">FISKH</controlfield>
  <controlfield tag="005">20250509093143.0</controlfield>
  <controlfield tag="008">240409b        cb ||||| |||| 00| 0 eng d</controlfield>
  <datafield tag="020" ind1=" " ind2=" ">
    <subfield code="a">9789996363504</subfield>
  </datafield>
  <datafield tag="040" ind1=" " ind2=" ">
    <subfield code="a">FISKH </subfield>
    <subfield code="b">khr </subfield>
    <subfield code="c">FISKH </subfield>
    <subfield code="d">FISKH </subfield>
  </datafield>
  <datafield tag="050" ind1=" " ind2=" ">
    <subfield code="a">PZ7 </subfield>
  </datafield>
  <datafield tag="082" ind1=" " ind2=" ">
    <subfield code="a">808.543</subfield>
  </datafield>
  <datafield tag="100" ind1=" " ind2=" ">
    <subfield code="a">Nipoern, Chheng </subfield>
  </datafield>
  <datafield tag="245" ind1=" " ind2=" ">
    <subfield code="a">&#x179A;&#x17BF;&#x1784;&#x200B;&#x1785;&#x17BB;&#x1784;&#x1797;&#x17C5;&#x200B;&#x1785;&#x17D2;&#x179A;&#x1798;&#x17BB;&#x17C7;&#x200B;&#x1792;&#x17C6; /</subfield>
    <subfield code="c">&#x179A;&#x17BF;&#x1784;&#x1793;&#x17B7;&#x1791;&#x17B6;&#x1793;&#x17C8; &#x1794;&#x179A;&#x1791;&#x17C1;&#x179F; ; &#x179A;&#x17C0;&#x1794;&#x179A;&#x17C0;&#x1784; &#x1793;&#x17B7;&#x1784;&#x1785;&#x1784;&#x1780;&#x17D2;&#x179A;&#x1784;&#x178A;&#x17C4;&#x1799;&#x17C8; &#x1786;&#x17C1;&#x1784; &#x1793;&#x17B7;&#x1796;&#x17D0;&#x1793;&#x17D2;&#x1792; ; &#x179A;&#x17BC;&#x1794;&#x1797;&#x17B6;&#x1796;&#x178A;&#x17C4;&#x1799;&#x17C8; &#x179F;&#x17C1;&#x1784; &#x179C;&#x17B7;&#x179F;&#x17B6;&#x179B;&#x200B; </subfield>
  </datafield>
  <datafield tag="260" ind1=" " ind2=" ">
    <subfield code="a">&#x1797;&#x17D2;&#x1793;&#x17C6;&#x1796;&#x17C1;&#x1789; : </subfield>
    <subfield code="b">&#x1782;&#x17D2;&#x179A;&#x17B7;&#x17C7;&#x179F;&#x17D2;&#x1790;&#x17B6;&#x1793;&#x1794;&#x17C4;&#x17C7;&#x1796;&#x17BB;&#x1798;&#x17D2;&#x1796;&#x1793;&#x17B7;&#x1784;&#x1785;&#x17C2;&#x1780;&#x1795;&#x17D2;&#x179F;&#x17B6;&#x1799;&#x1793;&#x17C3;&#x1780;&#x17D2;&#x179A;&#x179F;&#x17BD;&#x1784;&#x17A2;&#x1794;&#x17CB;&#x179A;&#x17C6; &#x1799;&#x17BB;&#x179C;&#x1787;&#x1793; &#x1793;&#x17B7;&#x1784;&#x1780;&#x17B8;&#x17A1;&#x17B6;, </subfield>
    <subfield code="c">&#x17E2;&#x17E0;&#x17E1;&#x17E1;.</subfield>
  </datafield>
  <datafield tag="300" ind1=" " ind2=" ">
    <subfield code="a">51 pages :  </subfield>
    <subfield code="b">color illustrations ;</subfield>
    <subfield code="c">21 cm </subfield>
  </datafield>
  <datafield tag="520" ind1=" " ind2=" ">
    <subfield code="a">&#x179A;&#x17BF;&#x1784;&#x200B;&#x1785;&#x17BB;&#x1784;&#x1797;&#x17C5;&#x200B;&#x1785;&#x17D2;&#x179A;&#x1798;&#x17BB;&#x17C7;&#x200B;&#x1792;&#x17C6; &#x1787;&#x17B6;&#x200B;&#x179F;&#x17C0;&#x179C;&#x1797;&#x17C5;&#x200B;&#x179A;&#x17BF;&#x1784;&#x200B;&#x1793;&#x17B7;&#x1791;&#x17B6;&#x1793;&#x200B;&#x17A2;&#x1794;&#x17CB;&#x179A;&#x17C6;&#x200B;&#x179F;&#x1798;&#x17D2;&#x179A;&#x17B6;&#x1794;&#x17CB;&#x200B;&#x1790;&#x17D2;&#x1793;&#x17B6;&#x1780;&#x17CB;&#x200B;&#x1798;&#x1792;&#x17D2;&#x1799;&#x1798;&#x179F;&#x17B7;&#x1780;&#x17D2;&#x179F;&#x17B6; &#x178A;&#x17BE;&#x1798;&#x17D2;&#x1794;&#x17B8;&#x200B;&#x17A0;&#x17D2;&#x179C;&#x17B9;&#x1780;&#x17A0;&#x17B6;&#x178F;&#x17CB;&#x200B;&#x1795;&#x17D2;&#x1793;&#x17C2;&#x1780;&#x200B;&#x17A2;&#x17C6;&#x178E;&#x17B6;&#x1793;&#x200B;&#x1794;&#x1793;&#x17D2;&#x1790;&#x17C2;&#x1798;&#x200B;&#x1793;&#x17C5;&#x200B;&#x1795;&#x17D2;&#x1791;&#x17C7; &#x17D4;</subfield>
  </datafield>
  <datafield tag="520" ind1=" " ind2=" ">
    <subfield code="a">Big Nose Chef is an educational storybook for high school students to practice extra reading at home.</subfield>
  </datafield>
  <datafield tag="650" ind1=" " ind2=" ">
    <subfield code="a">&#x1785;&#x17D2;&#x179A;&#x1798;&#x17BB;&#x17C7;&#x1792;&#x17C6; </subfield>
    <subfield code="x">&#x179A;&#x17BF;&#x1784;&#x1793;&#x17B7;&#x1791;&#x17B6;&#x1793; </subfield>
  </datafield>
  <datafield tag="650" ind1=" " ind2=" ">
    <subfield code="a">Big Nose </subfield>
    <subfield code="x">Story Teller </subfield>
  </datafield>
  <datafield tag="700" ind1=" " ind2=" ">
    <subfield code="a">Visal, </subfield>
    <subfield code="e">Seng illustrator </subfield>
  </datafield>
  <datafield tag="942" ind1=" " ind2=" ">
    <subfield code="2">ddc</subfield>
    <subfield code="c">KHB</subfield>
    <subfield code="n">0</subfield>
  </datafield>
  <datafield tag="999" ind1=" " ind2=" ">
    <subfield code="c">3676</subfield>
    <subfield code="d">3676</subfield>
  </datafield>
  <datafield tag="952" ind1=" " ind2=" ">
    <subfield code="0">0</subfield>
    <subfield code="1">0</subfield>
    <subfield code="2">ddc</subfield>
    <subfield code="4">0</subfield>
    <subfield code="7">0</subfield>
    <subfield code="8">KH</subfield>
    <subfield code="a">001</subfield>
    <subfield code="b">001</subfield>
    <subfield code="c">OKHR</subfield>
    <subfield code="d">2024-04-09</subfield>
    <subfield code="l">0</subfield>
    <subfield code="o">NIP 808.543 PZ7 </subfield>
    <subfield code="p">FISTK03520</subfield>
    <subfield code="r">2024-04-09 09:14:41</subfield>
    <subfield code="t">1</subfield>
    <subfield code="w">2024-04-09</subfield>
    <subfield code="y">KHB</subfield>
  </datafield>
  <datafield tag="952" ind1=" " ind2=" ">
    <subfield code="0">0</subfield>
    <subfield code="1">0</subfield>
    <subfield code="2">ddc</subfield>
    <subfield code="4">0</subfield>
    <subfield code="7">0</subfield>
    <subfield code="8">KH</subfield>
    <subfield code="a">002</subfield>
    <subfield code="b">002</subfield>
    <subfield code="c">SKB</subfield>
    <subfield code="d">2025-05-08</subfield>
    <subfield code="l">0</subfield>
    <subfield code="o">NIP 808.543 PZ7 </subfield>
    <subfield code="p">2025-1221</subfield>
    <subfield code="r">2025-05-08 11:39:28</subfield>
    <subfield code="t">2</subfield>
    <subfield code="w">2025-05-08</subfield>
    <subfield code="y">KHB</subfield>
  </datafield>
  <datafield tag="952" ind1=" " ind2=" ">
    <subfield code="0">0</subfield>
    <subfield code="1">0</subfield>
    <subfield code="2">ddc</subfield>
    <subfield code="4">0</subfield>
    <subfield code="7">0</subfield>
    <subfield code="8">KH</subfield>
    <subfield code="a">002</subfield>
    <subfield code="b">002</subfield>
    <subfield code="c">SKB</subfield>
    <subfield code="d">2025-08-13</subfield>
    <subfield code="l">0</subfield>
    <subfield code="o">NIP 808.543 PZ7 </subfield>
    <subfield code="p">2025-4082</subfield>
    <subfield code="r">2025-08-13 11:11:09</subfield>
    <subfield code="t">3</subfield>
    <subfield code="w">2025-08-13</subfield>
    <subfield code="y">KHB</subfield>
  </datafield>
</record>
